| 000 | 01243cam a22003254a 4500 | ||
|---|---|---|---|
| 001 | 12871044 | ||
| 005 | 20171224145735.0 | ||
| 008 | 020726s2002 enka |rb 001 0 eng | ||
| 010 | _a 2002027746 | ||
| 020 | _a0750652551 | ||
| 020 | _a9780750652551 | ||
| 040 |
_aDLC _cDLC _dDLC |
||
| 042 | _apcc | ||
| 050 | 0 | 0 |
_aTH6122 _b.W54 2002 |
| 082 | 0 | 0 |
_a696.1 _222 _bWIS |
| 100 | 1 |
_aWise, Alan Frederick Edward. _923408 |
|
| 245 | 1 | 0 |
_aWater, Sanitary, and Waste Services for Buildings / _cA.F.E. Wise and J.A. Swaffield. |
| 250 | _a5th ed. | ||
| 260 |
_aOxford ; _aBoston : _bButterworth-Heinemann, 2002 _c2002. |
||
| 300 |
_avii, 257 p. : _bill. ; _c24 cm. |
||
| 504 | _aIncludes bibliographical references (p. [247]-254) and index. | ||
| 650 | 0 |
_aSanitation, Household. _923410 |
|
| 653 |
_bCiv _bArch _cApril2011 |
||
| 650 | 0 |
_923409 _aPlumbing |
|
| 700 | 1 |
_aSwaffield, J. A., _d1943- _923411 |
|
| 856 | 4 | 2 |
_3Publisher description _uhttp://www.loc.gov/catdir/description/els031/2002027746.html |
| 856 | 4 | 1 |
_3Table of contents _uhttp://www.loc.gov/catdir/toc/els031/2002027746.html |
| 942 |
_2ddc _cBB |
||
| 999 |
_c15198 _d15198 |
||